African and the World Trade Organization (Record no. 775)

MARC details
005 - DATE AND TIME OF LATEST TRANSACTION
control field 20250317120221.0
020 ## - INTERNATIONAL STANDARD BOOK NUMBER
International Standard Book Number 978-1-107-40153-2
082 ## - DEWEY DECIMAL CLASSIFICATION NUMBER
Classification number 382.920 MSH
100 ## - MAIN ENTRY--PERSONAL NAME
Author name MSHOMBA, R. E.
245 ## - TITLE STATEMENT
Title African and the World Trade Organization
260 ## - PUBLICATION, DISTRIBUTION, ETC.
Place of publication, distribution, etc. New York,
Name of publisher, distributor, etc. Cambridge Universty Press,
Date of publication, distribution, etc. 2009.
300 ## - PHYSICAL DESCRIPTION
Extent xxii, 360p.: map, table
Other physical details Bibliography, index
Dimensions 24cm.
942 ## - ADDED ENTRY ELEMENTS (KOHA)
Source of classification or shelving scheme Dewey Decimal Classification
Koha item type Books
Holdings
Date last seen Total checkouts Full call number Barcode Cost, replacement price Price effective from Koha item type Lost status Source of classification or shelving scheme Damaged status Not for loan Withdrawn status Home library Current library Shelving location Date acquired Cost, normal purchase price
03/17/2025   382.920 MSH 0000003118 294000.00 03/17/2025 Books   Dewey Decimal Classification       College of Business Education Main Library College of Business Education Main Library General Collection 03/17/2025 98000.00
03/17/2025   382.920 MSH 0000003119 294000.00 03/17/2025 Books   Dewey Decimal Classification       College of Business Education Main Library College of Business Education Main Library General Collection 03/17/2025 98000.00
03/17/2025   382.920 MSH 0000003120 294000.00 03/17/2025 Books   Dewey Decimal Classification       College of Business Education Main Library College of Business Education Main Library General Collection 03/17/2025 98000.00
03/17/2025   382.920 MSH 0000003121 294000.00 03/17/2025 Books   Dewey Decimal Classification       College of Business Education Main Library College of Business Education Main Library General Collection 03/17/2025 98000.00
03/17/2025   382.920 MSH 0000003122 294000.00 03/17/2025 Books   Dewey Decimal Classification       College of Business Education Main Library College of Business Education Main Library General Collection 03/17/2025 98000.00
03/17/2025   382.920 MSH 0000003123 294000.00 03/17/2025 Books   Dewey Decimal Classification       College of Business Education Main Library College of Business Education Main Library General Collection 03/17/2025 98000.00